[Event "XXXV MEMORIAL IMIENIA LUDWIKA ZAMENHOFA"]
[Site "Bialystok"]
[Date "2016.??.??"]
[Round "4.25"]
[White "Beks, Edmunds"]
[Black "Kusenkova, Natallia"]
[Result "0-1"]
[WhiteElo "2068"]
[BlackElo "2163"]
[PlyCount "158"]
[EventDate "2016.??.??"]

1. e4 e5 2. Nf3 Nc6 3. Bb5 a6 4. Bxc6 dxc6 5. Nc3 f6 6. d4 exd4 7. Qxd4 Qxd4 8.
Nxd4 Bd7 9. Be3 O-O-O 10. O-O-O Bd6 11. Nb3 Ne7 12. Nc5 b6 13. Nxd7 Rxd7 14.
Ne2 c5 15. Nc3 b5 16. Nd5 Re8 17. f3 f5 18. Nxe7+ Rdxe7 19. Bg5 Rf7 20. Rde1
fxe4 21. Rxe4 Rxe4 22. fxe4 Rf2 23. g3 Kd7 24. Kd1 Ke6 25. Be3 Rg2 26. Bf4 h6
27. h4 Bxf4 28. gxf4 Rg4 29. Rf1 Rxh4 30. Ke2 c4 31. Rf2 c5 32. c3 Rg4 33. Kf3
Rg1 34. Rg2 Rf1+ 35. Ke3 Kf7 36. f5 h5 37. a3 a5 38. Ke2 Rb1 39. Ke3 Rf1 40.
Ke2 Rb1 41. Ke3 h4 42. e5 h3 43. Rh2 g6 44. f6 Re1+ 45. Kf4 Ke6 46. Rxh3 Rxe5
47. Rh7 Rf5+ 48. Kg3 b4 49. axb4 axb4 50. cxb4 cxb4 51. Rb7 Rxf6 52. Rxb4 Kd5
53. Rb5+ Kd4 54. Kg4 Kd3 55. Rb4 Rf1 56. Rb8 Rf6 57. Kg5 Ra6 58. Rb4 Rc6 59.
Rb8 Kd4 60. Rd8+ Kc5 61. Kh6 Rb6 62. Rd2 Kb4 63. Rc2 Ra6 64. Kg5 Ra4 65. Rc3
Ra2 66. Rc2 Ra6 67. Kh6 Re6 68. Rc3 Rd6 69. Rc2 Rd4 70. Kxg6 Kb3 71. Rh2 Rf4
72. Kg5 Rf1 73. Kg4 Rb1 74. Kf4 Rxb2 75. Rh3+ c3 76. Ke3 Rd2 77. Rh7 Rd8 78.
Ke2 Kb2 79. Rc7 c2 0-1

[Event "XXXV MEMORIAL IMIENIA LUDWIKA ZAMENHOFA"]
[Site "Bialystok"]
[Date "2016.??.??"]
[Round "4.28"]
[White "Hrymowicz, Artur"]
[Black "Kowalski, Igor"]
[Result "0-1"]
[WhiteElo "1951"]
[BlackElo "2129"]
[PlyCount "92"]
[EventDate "2016.??.??"]

1. e4 c5 2. Nf3 e6 3. d4 cxd4 4. Nxd4 a6 5. c4 Qc7 6. Be3 Nf6 7. Nc3 b6 8. Bd3
Bb7 9. O-O d6 10. Rc1 Nbd7 11. f3 Be7 12. Qd2 Rc8 13. b3 O-O 14. Rfd1 Qb8 15.
Bf1 Bd8 16. Nc2 Bc7 17. g3 Rfd8 18. Na4 Bc6 19. Nb4 Bb7 20. Qe2 Qa7 21. Bf4 Ne8
22. Bg5 Nef6 23. Bf4 Nc5 24. Nxc5 bxc5 25. Nc2 Ne8 26. Bg2 h6 27. Rd2 Qb8 28.
Rcd1 Bc6 29. Bf1 Nf6 30. Be3 Nd7 31. Na3 Ne5 32. Bf4 Ng6 33. Be3 Ba5 34. Rc2
Rf8 35. Bh3 Rce8 36. Bd2 Bc7 37. Bc3 Qb7 38. Rf1 Rd8 39. Rd2 Ne7 40. Nc2 d5 41.
exd5 exd5 42. cxd5 Nxd5 43. Ba1 Ba5 44. b4 Nxb4 45. Nxb4 Bxb4 46. Rc2 Ba4 0-1

[Event "XXXV MEMORIAL IMIENIA LUDWIKA ZAMENHOFA"]
[Site "Bialystok"]
[Date "2016.??.??"]
[Round "4.32"]
[White "Luba, Lukasz"]
[Black "Kohut, Anna"]
[Result "1-0"]
[WhiteElo "2114"]
[BlackElo "2007"]
[PlyCount "67"]
[EventDate "2016.??.??"]

1. e4 c5 2. Nf3 e6 3. d4 cxd4 4. Nxd4 Nf6 5. Bd3 Nc6 6. Be3 d5 7. Nxc6 bxc6 8.
e5 Nd7 9. f4 c5 10. c4 d4 11. Bf2 Bb7 12. O-O Qb6 13. Qe2 Be7 14. b3 Qc6 15.
Be1 O-O-O 16. a3 g5 17. Ra2 gxf4 18. Rxf4 Nxe5 19. Qxe5 Bd6 20. Qf6 Bxf4 21.
Qxf4 Rhg8 22. Bg3 h5 23. Be4 Qb6 24. Qb8+ Kd7 25. Qxb7+ Qxb7 26. Bxb7 h4 27.
Bxh4 Rb8 28. Ba6 Rxb3 29. Bb5+ Kd6 30. Nd2 Re3 31. Kf1 d3 32. Ba4 Re2 33. Bg3+
Ke7 34. Bd1 1-0

[Event "XXXV MEMORIAL IMIENIA LUDWIKA ZAMENHOFA"]
[Site "Bialystok"]
[Date "2016.??.??"]
[Round "4.35"]
[White "Murza, Adam"]
[Black "Laszczak, Przemyslaw"]
[Result "1/2-1/2"]
[WhiteElo "2058"]
[BlackElo "1960"]
[PlyCount "63"]
[EventDate "2016.??.??"]

1. c4 c6 2. d4 d5 3. cxd5 cxd5 4. Nc3 Nf6 5. Bf4 Nc6 6. e3 Bf5 7. Nf3 e6 8. Ne5
Bd6 9. Bb5 Qb6 10. Nc4 dxc4 11. Bxd6 Ne4 12. Nxe4 Qxb5 13. Nd2 Qd5 14. Bc5 Qxg2
15. Qf3 Qxf3 16. Nxf3 Be4 17. Ke2 b6 18. Ba3 Bd5 19. Kd2 Be4 20. Ke2 e5 21.
dxe5 Bxf3+ 22. Kxf3 Nxe5+ 23. Ke2 O-O-O 24. Rac1 b5 25. b3 Kb7 26. bxc4 Nxc4
27. Bb4 Rd5 28. a4 a6 29. Rc2 f5 30. Rb1 Kc6 31. axb5+ axb5 32. Ra1 1/2-1/2

[Event "XXXV MEMORIAL IMIENIA LUDWIKA ZAMENHOFA"]
[Site "Bialystok"]
[Date "2016.??.??"]
[Round "4.27"]
[White "Daniel, Damian"]
[Black "Krzywda, Andrzej"]
[Result "1-0"]
[WhiteElo "2030"]
[BlackElo "2148"]
[PlyCount "133"]
[EventDate "2016.??.??"]

1. d4 Nf6 2. Nf3 e6 3. g3 d5 4. Bg2 Be7 5. O-O O-O 6. b3 b6 7. Bb2 Nbd7 8. Nbd2
Bb7 9. c4 c6 10. Ne5 Rc8 11. e4 c5 12. Nxd7 Qxd7 13. e5 Ne8 14. dxc5 dxc4 15.
Nxc4 Qxd1 16. Rfxd1 Bxg2 17. Kxg2 Bxc5 18. Rd7 b5 19. Na3 f6 20. Nxb5 fxe5 21.
Rf1 Nf6 22. Rd2 e4 23. Re2 Ng4 24. Bd4 a6 25. Bxc5 Rxc5 26. Nd6 e3 27. f3 Rd8
28. Nc4 Ne5 29. Nxe3 Rd3 30. f4 Nc6 31. Nc4 Kf7 32. Ne5+ Nxe5 33. Rxe5 Rc8 34.
Rf2 Rd5 35. Re3 h5 36. Rfe2 Rc6 37. Kf2 Kf6 38. Re5 Rcd6 39. Rxd5 Rxd5 40. Kf3
g6 41. h3 Rd3+ 42. Re3 Rd2 43. a3 Rh2 44. h4 Ra2 45. b4 Rd2 46. Ke4 Rd5 47. Rd3
Rb5 48. Kd4 Kf5 49. Kc4 Rb6 50. a4 Ke4 51. Rc3 Rc6+ 52. Kb3 Rb6 53. Rc5 Rd6 54.
b5 axb5 55. axb5 Rd3+ 56. Rc3 Rd1 57. Kc4 e5 58. fxe5 Rd4+ 59. Kc5 Rd5+ 60. Kc6
Rxe5 61. b6 Kd4 62. Rb3 Kc4 63. Rb1 Rc5+ 64. Kd6 Rd5+ 65. Ke6 Rd8 66. b7 Rb8
67. Kd6 1-0